| 000 | 00386nam a2200145Ia 4500 | ||
|---|---|---|---|
| 999 |
_c14222 _d14222 |
||
| 003 | OSt | ||
| 005 | 20260310185713.0 | ||
| 008 | 260210s9999 xx 000 0 und d | ||
| 020 | _a9788194720164 | ||
| 082 | _a307.1216 AGA | ||
| 100 | _aMohit Kumar Agarwal | ||
| 245 | 0 | _aPlanning the Twentieth-Century City: The Advanced Capitalist World | |
| 260 | _bMetro Books | ||
| 942 |
_cBPLAN _2ddc |
||